| 000 | 01280nac a22003497a 4500 | ||
|---|---|---|---|
| 001 | BR8000205 | ||
| 003 | BR-BrBNA | ||
| 005 | 20240105114613.0 | ||
| 008 | 230509b bl.|||m| |||| 00| 0 por d | ||
| 040 |
_aBR-BrBNA _bpor _cBiblioteca Nacional de Agricultura |
||
| 072 | _aF30 | ||
| 090 | _a0180 BR8000205 | ||
| 100 | 1 | _aMoreira, J.C.S. | |
| 100 | 1 | _aMedeiros, M.C. | |
| 100 | 1 | _aSousa, C.N.A. de | |
| 100 | 1 | _aDotto, S.R. | |
| 100 | 1 | _aGomes, E.P. | |
| 110 | 1 | _aCentro Nacional de Pesquisa de Trigo, Passo Fundo, RS (Brasil) | |
| 245 | 1 | _aRendimento das cultivares precoces de trigo recomendadas para cultivo no Rio Grande do Sul em 1979 [Triticum spp; Brasil] | |
| 246 | 1 | _a[Yield of the early wheat cultivars recommended for planting in Rio Grande do Sul in 1979 [Triticum spp; Brazil]] | |
| 260 | 3 |
_aPasso Fundo, RS (Brasil): _cOct 1979. |
|
| 300 | _a28 p. | ||
| 490 |
_aBoletim Tecnico - Centro Nacional de Pesquisa de Trigo (Brazil) _vno. 5 _xISSN 0100-5359 |
||
| 500 | _aNumerical data; Summaries (En, Pt) | ||
| 650 | _aMelhoramento genetico vegetal | ||
| 650 | _aTrigo | ||
| 650 | _aComportamento de variedade | ||
| 650 | _aRendimento | ||
| 650 | _aRio Grande do Sul | ||
| 909 |
_a202312 _bLúcia Elande _c55 _dLúcia Elande |
||
| 942 |
_2AGRIS _n0 _cMS |
||
| 999 |
_c270295 _d270295 |
||